MDQL
is popping MORE tags! Check the
thread
!
Quizzes
Events
Quiz Creation
Community
Videos
Private Events
Remove Ads
Sign In
Join for FREE
Feedback
Dark Mode
Quiz Categories
Sports
Geography
Music
Movies
Television
Just For Fun
Miscellaneous
History
Literature
Language
Science
Gaming
Entertainment
Religion
Holiday
For Kids
Quiz Lab
Recent
Popular Today
Quiz Kudos Today
Editor Picks
Curator Picks
Quizzes by...
Day
Popularity
Type
Ratings
Length
Year
Community
Subscriptions
Recent Discussions
Orange Saloon
Badges
Playlists
Quests
Create
Leaderboards
Showdown
Live 5
Trivia Bingo
Activity
Puzzle Library
Sporcle Events
Private Events
Virtual Trivia
Globe League
Become a Host
Pub Owners
SporcleCon
Opinionation
Our Games
Videos
Blog
Mobile Apps
Partnerships
Remove Ads and Go Orange
Feedback
Entertainment
Celebrity
Famous
Musical
Broadway
Show
Quote
Comic Books
Anime
Superhero
DC Comics
Marvel
Cartoons
Animation
Entertainment
Celebrity
Famous
Musical
Broadway
Show
Quote
Comic Books
Anime
Superhero
DC Comics
Marvel
Cartoons
Animation
Random Quiz
Search Sporcle
×
Quiz Lab
Quiz Lab
Entertainment
Song
Type in answers that appear in a list
Type in answers that appear in a list
Classic
Best Score? Go Orange.
Guess That Les Miserables Song! Stats
Can you name the Guess That Les Miserables Song!?
By
Livsings
10m
266 Questions
1,143 Plays
1,143 Plays
1,143 Plays
Comments
Comments
Give Quiz Kudos
Give Quiz Kudos
-
- Ratings
hide this ad
Replay
Link that replays current quiz
Next Quiz
Link to next quiz in quiz playlist
You Got
0%
They Got
Avg Score
80%
Avg Friend Score
Upgrade to see
Score Distribution
Jump to the score distribution portion of the page
Score
0/266
Timer
10:00
0
Plays Today
% Correct
a
98%
a
98%
a
98%
a
98%
a
98%
A
98%
And
97.9%
And
97.9%
the
97.9%
And
97.9%
and
97.9%
the
97.9%
The
97.9%
And
97.9%
And
97.9%
And
97.9%
the
97.9%
The
97.9%
the
97.9%
the
97.9%
the
97.9%
The
97.9%
And
97.9%
and
97.9%
and
97.9%
And
97.9%
And
97.9%
And
97.9%
the
97.9%
The
97.9%
The
97.9%
The
97.9%
and
97.9%
The
97.9%
I
95.5%
I
95.5%
I
95.5%
I
95.5%
I
95.5%
I
95.5%
I
95.5%
I
95.5%
I
95.5%
I
95.5%
I
95.5%
I
95.5%
I
95.5%
I
95.5%
I
95.5%
I
95.5%
I
95.5%
I
95.5%
On
89.1%
on
89.1%
on
89.1%
he
88.2%
he
88.2%
He
88.2%
my
86.9%
my
86.9%
my
86.9%
my
86.9%
my
86.9%
my
86.9%
my
86.9%
me
85.5%
me
85.5%
me
85.5%
me
85.5%
me
85.5%
me
85.5%
is
84.6%
is
84.6%
is
84.6%
is
84.6%
is
84.6%
is
84.6%
own
84%
own
84%
In
83.6%
in
83.6%
In
83.6%
in
83.6%
him
83.3%
him
83.3%
him
83.3%
him
83.3%
him
83.3%
him
83.3%
% Correct
him
83.3%
him
83.3%
him
83.3%
him
83.3%
him
83.3%
love
83%
love
83%
love
83%
love
83%
love
83%
No
82.9%
to
82.8%
to
82.8%
to
82.8%
to
82.8%
to
82.8%
to
82.8%
to
82.8%
to
82.8%
with
82.7%
with
82.7%
go
82.6%
go
82.6%
all
82.2%
All
82.2%
All
82.2%
all
82.2%
All
82.2%
I'm
81.8%
of
81.8%
I'm
81.8%
I'm
81.8%
of
81.8%
I'm
81.8%
of
81.8%
I'm
81.8%
of
81.8%
when
80.9%
when
80.9%
when
80.9%
alone
80.5%
alone
80.5%
alone
80.5%
Without
79.8%
Without
79.8%
Without
79.8%
Without
79.8%
Without
79.8%
Without
79.8%
But
79.5%
But
79.5%
But
79.5%
know
79.3%
know
79.3%
night
79.2%
he's
79.2%
night
79.2%
Pretending
79.2%
he's
79.2%
night
79.2%
pretending
79.2%
That
78.8%
that
78.8%
That
78.8%
his
78.5%
his
78.5%
only
78.4%
only
78.4%
only
78.4%
for
78.2%
world
78.1%
world
78.1%
world
78.1%
Are
77.8%
are
77.8%
are
77.8%
are
77.8%
beside
77.6%
life
77.4%
walk
77.1%
walk
77.1%
around
77.1%
around
77.1%
full
77%
full
77%
full
77%
see
77%
river
76.8%
river
76.8%
% Correct
not
76.2%
just
76.2%
will
75.8%
gone
75.5%
turn
75.4%
now
75.3%
now
75.3%
It's
75.3%
feel
75.1%
have
75%
never
75%
river's
74.8%
arms
74.7%
has
74.7%
mind
74.5%
streets
74.4%
way
74.3%
way
74.3%
say
74.2%
close
74.2%
eyes
74.2%
say
74.2%
morning
74.1%
over
73.8%
I've
73.8%
like
73.7%
strangers
73.6%
turning
73.6%
been
73.5%
found
73.1%
rain
73%
silver
73%
Forever
72.9%
forever
72.9%
happiness
72.9%
myself
72.7%
us
72.7%
trees
72.4%
talking
72.4%
trees
72.4%
Still
72.3%
shines
72.2%
There's
72.1%
changes
72.1%
'till
71.6%
pavement
71.5%
lose
71.4%
that's
71.4%
known
71.4%
blind
70.4%
everywhere
70.3%
bare
70.2%
darkness
69.8%
here
69.1%
one
69.1%
can
68.6%
can
68.6%
at
68.5%
starlight
68.5%
lights
68.4%
learning
68.2%
again
67.6%
everyday
67.4%
misty
66.8%
although
65.4%
friend
64.9%
then
62.9%
hello
62.4%
think
62.2%
Nowhere
61.7%
live
59.5%
near
58.5%
head
58.3%
goes
57.8%
sleeping
57.6%
believe
57%
make
56.8%
bed
56.8%
city
56.6%
company
56.4%
happy
56.4%
inside
56.3%
home
56%
keeping
56%
face
55.5%
else
55.1%
everybody
54.4%
Sometimes
49.1%
Quiz Playlist
Details
Report
Send in Message
Add To Playlist
Classic:
Type in answers that appear in a list
Last Updated: Feb 16, 2017
Quiz Scoreboard
CHALLENGE
Sign Up to Join the Scoreboard
Show All
Scores
Hide
Comments
May contain spoilers
Recently Published
1-10 Letter E Words III
by El_Dandy
Language
2m
Street Fighter Characters
by Artimus82
Gaming
60s
College Basketball Coaching Resumes
by pancakes188
Sports
9m
More to Explore
Quiz From the Vault
Featured Blog Post
Where Did the Easter Bunny Come From?
hide this ad
You Might Also Like...
Tags
Song Quiz
les
Les Misérables
Miserable
Today's Top Quizzes in Entertainment
Browse Entertainment
hide this ad
Today's Top Quizzes in Song
Browse Song
Top Contributed Quizzes in Entertainment
1
7-to-1: DC Comics Villains
2
Marvel Characters Bunker
3
Eurovision 2023 Logic Puzzle
4
Dragon Ball Z: Goku's Fights in Order
5
Sorting Pictures: Villains
6
Criteria Quickie: Cartoon Taxonomy II
7
7-to-1: One Piece
8
Mini Trivia Sudoku: Musicals
9
Fictional Villains Letter U Blitz
10
Kamen Rider Motifs
Explore More
Trending Topics
Disney
NBA
Kpop
Crossword
Marvel
Harry Potter
Anime
Country
Soccer
The Office
Pokémon
Song
Puzzle
WWE
NFL
hide this ad
More By:
Livsings
Quiz
Plays
Rating
Category
Featured
Created
Guess That Les Miserables Song!
1,143
4.50
Entertainment
Feb 15, 2013
Guess that Les Miserables Song!
843
4.80
Music
Feb 6, 2013
Guess That Les Miserables Song!
800
5.00
Music
Feb 6, 2013
Guess That Les Miserables Song!
765
5.00
Music
Feb 12, 2013
Guess That Les Miserables Song!
758
5.00
Music
Feb 12, 2013
Go to Creator's Profile
Score Distribution
Quiz Creator Spotlight
Livsings
Follow
Send a Message
Quizzes Created
-
Created Quiz Play Count
-
More By This Creator
Popular Quizzes Today
1
Find the US States - No Outlines Minefield
2
Find the Countries of Europe - No Outlines Minefield
3
The Countries of the World
4
Find the US States
5
Risky Map Clicking: Biggest States A-Z
6
US States
7
Popular People in 1961
8
Movies - When Are They Set?
More Entertainment Quizzes
Ascending DC Comics Trivia
Editor's Pick
Trending Quizzes
Risky Map Clicking: Least Populous States A-Z
Billboard Blitz: Aretha Franklin
Famous Russians: Author or Composer?
1-10 Letter G Words
Countries of the World: 200 Million BC
Recently Updated
Leaping Animals
pecheneg
Reality TV Shows (A-Z)
bhenderson79
Rickey Henderson's Hall of Fame Teammates
pecheneg
Champions League XIs: Arsenal
pecheneg
Quick Pick: Celebrities in WWE's Hall of Fame
aduchscher
A-Z Keypad Blitz II
pecheneg
Multiple Oscar Actors
pecheneg
Mystery Phrase Blitz: Oscar 'Best Actors'
pecheneg
F. Scott Fitzgerald Novels
LTH
Pick 3 Villains
ddd62291
Trending Topics
Kpop
Crossword
Harry Potter
Anime
NBA
Marvel
Disney
WWE
Puzzle
Song
Soccer
NFL
Pokémon
Country
The Office
Your Account Isn't Verified!
In order to create a playlist on Sporcle, you need to verify the email address you used during registration. Go to your
Sporcle Settings
to finish the process.
Report this User
Report this user for behavior that violates our
Community Guidelines
.
Details:
Send Report
Go to the Sporcle.com Mobile Site →
Comments